000 00467nam a2200181Ia 4500
003 GCL
008 140319s9999 xx 000 0 eng d
040 _aGCL /
_cGCL
082 0 4 _a843
_bM M
100 1 _aDE MAUPASSANT, GUY
245 1 0 _aMADEMOISELLE FIFI /
_cDE MAUPASSANT, GUY
260 _a[S.N] :
_bLE LIVRE DE POCHE ،
_c1983
300 _a151 P
490 _aLE LIVRE DE POCHE
_v0
650 0 4 _aLITERATURE
650 0 4 _aFRENCH LITERATURE
942 _2ddc
_cBK
999 _c22244
_d22244